Thermodynamics (Record no. 13165)

000 -LEADER
fixed length control field 00594nam a22002291 4500
001 - CONTROL NUMBER
control field 13165
003 - CONTROL NUMBER IDENTIFIER
control field BD-DhUET
008 - FIXED-LENGTH DATA ELEMENTS--GENERAL INFORMATION
fixed length control field 740212r19611923nyua 000 0 eng
040 ## - CATALOGING SOURCE
Original cataloging agency DLC
Transcribing agency DLC
Modifying agency BD-DhUET
082 ## - DEWEY DECIMAL CLASSIFICATION NUMBER
Classification number 660.2969
Item number LEW/1961
100 ## - MAIN ENTRY--PERSONAL NAME
Personal name Lewis, Gilbert Newton
245 00 - TITLE STATEMENT
Title Thermodynamics
250 ## - EDITION STATEMENT
Edition statement 2nd ed.
260 ## - PUBLICATION, DISTRIBUTION, ETC. (IMPRINT)
Place of publication, distribution, etc. New York
Name of publisher, distributor, etc. McGraw-Hill
Date of publication, distribution, etc. 1961
300 ## - PHYSICAL DESCRIPTION
Extent 723p.
Other physical details illus.
Dimensions 24 cm.
490 0# - SERIES STATEMENT
Series statement McGraw-Hill series in advanced chemistry
650 #0 - SUBJECT ADDED ENTRY--TOPICAL TERM
Topical term or geographic name as entry element Thermodynamics
700 ## - ADDED ENTRY--PERSONAL NAME
Personal name Randall, Merle
700 ## - ADDED ENTRY--PERSONAL NAME
Personal name Pitzer, Kenneth S.
700 ## - ADDED ENTRY--PERSONAL NAME
Personal name Brewer, Leo
942 ## - ADDED ENTRY ELEMENTS (KOHA)
Koha item type General Book
Holdings
Shelving location Koha date last seen Koha item type Source of classification or shelving scheme Copy number Price effective from Damaged status Date acquired Withdrawn status Location (home branch) Koha normalized classification for sorting Piece designation (barcode) Not for loan Sublocation or collection (holding branch) Lost status Koha full call number
Circulation section2015-03-01General Book 12015-03-01 2015-03-01 Central Library, BUET660_296900000000000_LEW_196136672 Central Library, BUET 660.2969/LEW/1961
Circulation section2015-03-01General Book 22015-03-01 2015-03-01 Central Library, BUET660_296900000000000_LEW_196140150 Central Library, BUET 660.2969/LEW/1961
Circulation section2015-05-11General Book 32015-05-11 2015-05-11 Central Library, BUET660_296900000000000_LEW_19619584 Central Library, BUET 660.2969/LEW/1961
Circulation section2015-05-11General Book 42015-05-11 2015-05-11 Central Library, BUET660_296900000000000_LEW_196111236 Central Library, BUET 660.2969/LEW/1961
Circulation section2015-05-18General Book 52015-05-18 2015-05-18 Central Library, BUET660_296900000000000_LEW_19611056 Central Library, BUET 660.2969/LEW/1961
Circulation section2015-05-18General Book 62015-05-18 2015-05-18 Central Library, BUET660_296900000000000_LEW_196124253 Central Library, BUET 660.2969/LEW/1961
Circulation section2015-05-18General Book 72015-05-18 2015-05-18 Central Library, BUET660_296900000000000_LEW_196125451 Central Library, BUET 660.2969/LEW/1961